000 00305nam a22001457a 4500
008 210224b ||||| |||| 00| 0 eng d
020 _a948876491773
041 _aalb
080 _a159.9
082 _a159.9
100 _a48
101 _aPSI
245 _aVete analiza
_cHubbard, R
942 _2udc
_cBK
999 _c55122
_d55122